An introduction to planning practice (Record no. 99672)

MARC details
000 -LEADER
fixed length control field 01053cam a2200313 4500
008 - FIXED-LENGTH DATA ELEMENTS--GENERAL INFORMATION
fixed length control field 000000n2000 000 0 eng u
020 ## - INTERNATIONAL STANDARD BOOK NUMBER
International Standard Book Number 0471985228
035 ## - SYSTEM CONTROL NUMBER
System control number (Sirsi) u100282
041 ## - LANGUAGE CODE
Language code of text/sound track or separate title ENG
050 ## - LIBRARY OF CONGRESS CALL NUMBER
Classification number 711.026
100 ## - MAIN ENTRY--PERSONAL NAME
Personal name Allmendinger, Philip
-- Editor
245 #3 - TITLE STATEMENT
Title An introduction to planning practice
260 ## - PUBLICATION, DISTRIBUTION, ETC.
Place of publication, distribution, etc. Chichester
Name of publisher, distributor, etc. Wiley
Date of publication, distribution, etc. 2000
300 ## - PHYSICAL DESCRIPTION
Extent x, 439p. ; 24cm.
350 ## - PRICE (NR) (BK AM CF MU VM SE) [OBSOLETE]
Price 17.99
520 ## - SUMMARY, ETC.
Summary, etc. Aimed at students on town planning and related courses, as well as practioners who want to locate their practice within the broadening activity of town planning. Contains chapters on key planning areas and issues.
650 ## - SUBJECT ADDED ENTRY--TOPICAL TERM
Topical term or geographic name entry element SUSTAINABLE DEVELOPMENT
650 ## - SUBJECT ADDED ENTRY--TOPICAL TERM
Topical term or geographic name entry element HOUSING
650 ## - SUBJECT ADDED ENTRY--TOPICAL TERM
Topical term or geographic name entry element DEVELOPMENT
650 ## - SUBJECT ADDED ENTRY--TOPICAL TERM
Topical term or geographic name entry element URBAN RENEWAL
650 ## - SUBJECT ADDED ENTRY--TOPICAL TERM
Topical term or geographic name entry element TOWN CENTRE MANAGEMENT
650 ## - SUBJECT ADDED ENTRY--TOPICAL TERM
Topical term or geographic name entry element TRANSPORT
650 ## - SUBJECT ADDED ENTRY--TOPICAL TERM
Topical term or geographic name entry element CONSERVATION
650 ## - SUBJECT ADDED ENTRY--TOPICAL TERM
Topical term or geographic name entry element TOWN PLANNING
690 ## - LOCAL SUBJECT ADDED ENTRY--TOPICAL TERM (OCLC, RLIN)
Topical term or geographic name as entry element ENVIRONMENTAL AND LAND CONSULTANCY-PLANNING AND DEVELOPMENT
700 ## - ADDED ENTRY--PERSONAL NAME
Personal name Prior, Alan
International Standard Serial Number Editor
700 ## - ADDED ENTRY--PERSONAL NAME
Personal name Racemakers, Jeremy
International Standard Serial Number Editor
942 ## - ADDED ENTRY ELEMENTS (KOHA)
Suppress in OPAC 0
Holdings
Withdrawn status Lost status Source of classification or shelving scheme Damaged status Not for loan Home library Current library Shelving location Date acquired Cost, normal purchase price Total Checkouts Full call number Barcode Date last seen Date last checked out Copy number Cost, replacement price Price effective from Koha item type
    Dewey Decimal Classification     London London Books 07/10/1999 17.99 26 711.026 ALL 30061745 06/08/2019 28/11/2006 1 17.99 06/08/2019 Book